[Event "American Continental 19th"]
[Site "Foz do Iguacu"]
[Date "2025.05.26"]
[Round "5"]
[White "Baules Rodriguez, Jorge Luis"]
[Black "Diamant, Andre"]
[Result "0-1"]
[WhiteElo "2257"]
[BlackElo "2487"]
[PlyCount "62"]
[EventDate "2025.05.23"]
[EventType "swiss"]
[EventRounds "11"]
[EventCountry "BRA"]
[SourceTitle "CB23_2025"]
[SourceDate "2025.06.04"]
[SourceVersion "1"]
[SourceVersionDate "2025.06.04"]
[SourceQuality "1"]

1. d4 Nf6 2. c4 g6 3. Nc3 Bg7 4. e4 d6 5. Nf3 0-0 6. Be2 Na6 7. 0-0 e5 8. Be3 Ng4 9. Bg5 Qe8 10. c5 h6 11. Bh4 g5 12. Bg3 exd4 13. Nd5 c6 14. Bxd6 cxd5 15. exd5 Qe4 16. Bc4 Rd8 17. Re1 Qg6 18. h3 Nf6 19. Ne5 Qh5 20. Be2 g4 21. hxg4 Qg5 22. Bc4 Nxg4 23. Nxf7 Kxf7 24. Be7 Qf4 25. d6+ Kg6 26. Bxd8 Bf5 27. Qf3 Qh2+ 28. Kf1 Rxd8 29. Qxb7 Qf4 30. Re2 Nxc5 31. Qf7+ Kh7 0-1

[Event "American Continental 19th"]
[Site "Foz do Iguacu"]
[Date "2025.05.25"]
[Round "4"]
[White "Baules Rodriguez, Jorge Luis"]
[Black "Cardoso Cardoso, Jose Gabriel"]
[Result "1/2-1/2"]
[WhiteElo "2257"]
[BlackElo "2516"]
[PlyCount "38"]
[EventDate "2025.05.23"]
[EventType "swiss"]
[EventRounds "11"]
[EventCountry "BRA"]
[SourceTitle "CB23_2025"]
[SourceDate "2025.06.04"]
[SourceVersion "1"]
[SourceVersionDate "2025.06.04"]
[SourceQuality "1"]

1. d4 Nf6 2. c4 e6 3. Nf3 d5 4. g3 Bb4+ 5. Bd2 Be7 6. Bg2 0-0 7. 0-0 c6 8. Qc2 Nbd7 9. Rd1 a5 10. b3 b6 11. Bc3 Bb7 12. Nbd2 c5 13. Ne5 Rc8 14. Nxd7 Nxd7 15. dxc5 Rxc5 16. cxd5 Bxd5 17. Bxd5 Rxd5 18. Nc4 Bf6 19. e4 Rxd1+ 1/2-1/2

[Event "American Continental 19th"]
[Site "Foz do Iguacu"]
[Date "2025.05.25"]
[Round "4"]
[White "Baules Rodriguez, Jorge Luis"]
[Black "Cardoso Cardoso, Jose Gabriel"]
[Result "1/2-1/2"]
[WhiteElo "2257"]
[BlackElo "2516"]
[PlyCount "62"]
[EventDate "2025.05.23"]
[EventType "swiss"]
[EventRounds "11"]
[EventCountry "BRA"]
[SourceTitle "CB23_2025"]
[SourceDate "2025.06.04"]
[SourceVersion "1"]
[SourceVersionDate "2025.06.04"]
[SourceQuality "1"]

1. d4 Nf6 2. c4 e6 3. Nf3 d5 4. g3 Bb4+ 5. Bd2 Be7 6. Bg2 0-0 7. 0-0 c6 8. Qc2 Nbd7 9. Rd1 a5 10. b3 b6 11. Bc3 Bb7 12. Nbd2 c5 13. Ne5 Rc8 14. Nxd7 Nxd7 15. dxc5 Rxc5 16. cxd5 Bxd5 17. Bxd5 Rxd5 18. Nc4 Bf6 19. e4 Rxd1+ 20. Rxd1 Qc7 21. Qd2 Ne5 22. Bxe5 Bxe5 23. Qg5 Bc3 24. Qb5 Qb7 25. Nd6 Qb8 26. Nc4 Qa8 27. Qxb6 Qxe4 28. Rd8 Qe1+ 29. Kg2 Qe4+ 30. Kg1 Qe1+ 31. Kg2 Qe4+ 1/2-1/2

[Event "American Continental 19th"]
[Site "Foz do Iguacu"]
[Date "2025.05.24"]
[Round "3"]
[White "Panjwani, Raja"]
[Black "Baules Rodriguez, Jorge Luis"]
[Result "0-1"]
[WhiteElo "2446"]
[BlackElo "2257"]
[PlyCount "93"]
[EventDate "2025.05.23"]
[EventType "swiss"]
[EventRounds "11"]
[EventCountry "BRA"]
[SourceTitle "CB23_2025"]
[SourceDate "2025.06.04"]
[SourceVersion "1"]
[SourceVersionDate "2025.06.04"]
[SourceQuality "1"]

1. e4 e5 2. Nf3 Nc6 3. Bc4 Nf6 4. d3 Bc5 5. 0-0 d6 6. c3 a5 7. Re1 0-0 8. Nbd2 Ba7 9. h3 h6 10. Nf1 Re8 11. Ng3 Be6 12. Bb5 Bd7 13. a4 Ne7 14. d4 Ng6 15. Bd3 Bc6 16. Be3 exd4 17. Bxd4 Ne5 18. Bc2 Bd7 19. Nd2 Ng6 20. Ndf1 c5 21. Bxf6 Qxf6 22. Ne3 c4 23. Qd2 Be6 24. Nef5 Bxf5 25. exf5 Ne5 26. Qf4 d5 27. Nh5 Qg5 28. Rxe5 Rxe5 29. Qxe5 Qxh5 30. Re1 Qh4 31. g3 Qxh3 32. f6 gxf6 33. Qf4 Bc5 34. Qf3 Qd7 35. Kg2 Re8 36. Rd1 Re5 37. Qxf6 Re2 38. Qxh6 Rxf2+ 39. Kh1 Rxc2 40. Qg5+ Kf8 41. Qh6+ Kg8 42. Qg5+ Kf8 43. Qh6+ Ke8 44. Qh8+ Ke7 45. Qe5+ Qe6 46. Qc7+ Kf8 47. Qxc5+ 0-1

[Event "Bolivarian Games Blitz"]
[Site "Lima"]
[Date "2024.12.03"]
[Round "3.5"]
[White "Avila Pavas, Santiago"]
[Black "Baules Rodriguez, Jorge Luis"]
[Result "1-0"]
[WhiteElo "2511"]
[BlackElo "2264"]
[PlyCount "45"]
[EventDate "2024.12.03"]
[EventType "team (blitz)"]
[EventRounds "5"]
[EventCountry "PER"]
[SourceTitle "CB50_2024"]
[SourceDate "2024.11.01"]
[SourceVersion "1"]
[SourceVersionDate "2024.11.01"]
[SourceQuality "2"]
[WhiteTeam "Colombia"]
[BlackTeam "Panama"]
[WhiteTeamCountry "COL"]
[BlackTeamCountry "PAN"]

1. d4 Nf6 2. Nf3 g6 3. Bg5 Bg7 4. Nbd2 d5 5. e3 0-0 6. Be2 c5 7. c3 cxd4 8. exd4 Nc6 9. 0-0 h6 10. Bh4 g5 11. Bg3 Ne4 12. Nxe4 dxe4 13. Ne5 Nxe5 14. dxe5 Be6 15. Qa4 Qd2 16. Qxe4 Qxb2 17. f4 Qxc3 18. Rac1 Qa5 19. Bd3 Rfd8 20. Qh7+ Kf8 21. f5 Rxd3 22. fxe6 Qb6+ 23. Kh1 1-0

[Event "Bolivarian Games Blitz"]
[Site "Lima"]
[Date "2024.12.03"]
[Round "2.9"]
[White "Baules Rodriguez, Jorge Luis"]
[Black "Zambrana, Oswaldo"]
[Result "1-0"]
[WhiteElo "2264"]
[BlackElo "2404"]
[PlyCount "89"]
[EventDate "2024.12.03"]
[EventType "team (blitz)"]
[EventRounds "5"]
[EventCountry "PER"]
[SourceTitle "CB50_2024"]
[SourceDate "2024.11.01"]
[SourceVersion "1"]
[SourceVersionDate "2024.11.01"]
[SourceQuality "2"]
[WhiteTeam "Panama"]
[BlackTeam "Bolivia"]
[WhiteTeamCountry "PAN"]
[BlackTeamCountry "BOL"]

1. Nf3 Nf6 2. g3 e6 3. Bg2 d5 4. d4 Bd6 5. 0-0 h6 6. c4 0-0 7. Qc2 b6 8. Nc3 Bb7 9. Nb5 Nbd7 10. cxd5 exd5 11. Nxd6 cxd6 12. Bf4 Ne4 13. Rac1 Ndf6 14. Qc7 Ba6 15. Rfe1 Re8 16. h3 Bc4 17. Qxd8 Rexd8 18. b3 Ba6 19. Nd2 Nxd2 20. Bxd2 Rac8 21. Bb4 Rxc1 22. Rxc1 Bxe2 23. Rc7 a5 24. Ba3 Bd3 25. Rc6 b5 26. Bxd6 Ne4 27. Be5 b4 28. f3 Nc3 29. Bc7 Rc8 30. Rc5 a4 31. Ba5 Rxc5 32. dxc5 Nxa2 33. f4 Be4 34. Bxe4 dxe4 35. c6 axb3 36. c7 b2 37. c8Q+ Kh7 38. Qc2 b1Q+ 39. Qxb1 Nc3 40. Qc2 f5 41. Bxb4 Nd5 42. Bc5 Nf6 43. Bd4 Nh5 44. Kg2 Kg6 45. Qc6+ 1-0

[Event "Bolivarian Games Blitz"]
[Site "Lima"]
[Date "2024.12.03"]
[Round "5.9"]
[White "Ynojosa Aponte, Felix Jose"]
[Black "Baules Rodriguez, Jorge Luis"]
[Result "1-0"]
[WhiteElo "2413"]
[BlackElo "2264"]
[PlyCount "101"]
[EventDate "2024.12.03"]
[EventType "team (blitz)"]
[EventRounds "5"]
[EventCountry "PER"]
[SourceTitle "CB50_2024"]
[SourceDate "2024.11.01"]
[SourceVersion "1"]
[SourceVersionDate "2024.11.01"]
[SourceQuality "2"]
[WhiteTeam "Venezuela"]
[BlackTeam "Panama"]
[WhiteTeamCountry "VEN"]
[BlackTeamCountry "PAN"]

1. e4 c5 2. c3 Nf6 3. e5 Nd5 4. d4 cxd4 5. cxd4 d6 6. Nf3 Nc6 7. Bc4 Nb6 8. Bb5 dxe5 9. Nxe5 Bd7 10. Bxc6 Bxc6 11. Nxc6 bxc6 12. Nc3 g6 13. 0-0 Bg7 14. Qf3 0-0 15. Rd1 Nd5 16. Ne4 Rb8 17. b3 Qb6 18. Bb2 a5 19. Nc5 Rfd8 20. Rac1 e6 21. h3 Nb4 22. a3 Na6 23. Nxa6 Qxa6 24. Rxc6 Qb7 25. Rd3 Rd5 26. Rc4 Rb5 27. Qxb7 R5xb7 28. Bc1 h5 29. Bf4 Rxb3 30. Rxb3 Rxb3 31. Bd6 Rb1+ 32. Kh2 Rb2 33. f3 Rd2 34. Bc5 e5 35. dxe5 Bxe5+ 36. f4 Bf6 37. Bb6 Ra2 38. a4 Rd2 39. Bxa5 Rd1 40. Bb6 Kg7 41. a5 Ra1 42. g4 Ra2+ 43. Kg3 Ra3+ 44. Kg2 Ra2+ 45. Kf3 Ra3+ 46. Ke4 Rxh3 47. g5 Bb2 48. Rb4 Bc3 49. Rb3 Ba1 50. Rf3 Rg3 51. Rxg3 1-0

[Event "Bolivarian Games Rapid"]
[Site "Lima"]
[Date "2024.12.02"]
[Round "3.5"]
[White "Avila Pavas, Santiago"]
[Black "Baules Rodriguez, Jorge Luis"]
[Result "1-0"]
[WhiteElo "2511"]
[BlackElo "2264"]
[PlyCount "141"]
[EventDate "2024.12.02"]
[EventType "team (rapid)"]
[EventRounds "5"]
[EventCountry "PER"]
[SourceTitle "CB50_2024"]
[SourceDate "2024.11.01"]
[SourceVersion "1"]
[SourceVersionDate "2024.11.01"]
[SourceQuality "2"]
[WhiteTeam "Colombia"]
[BlackTeam "Panama"]
[WhiteTeamCountry "COL"]
[BlackTeamCountry "PAN"]

1. d4 Nf6 2. Nf3 g6 3. Bg5 Bg7 4. Nbd2 d5 5. e3 0-0 6. Be2 c5 7. c3 Qb6 8. Qb3 Nc6 9. 0-0 Be6 10. Qa3 cxd4 11. exd4 h6 12. Bf4 g5 13. Bg3 Nh5 14. Rae1 Nxg3 15. hxg3 Bf5 16. Qb3 Rfd8 17. Qxb6 axb6 18. a3 g4 19. Nh4 Bd7 20. f4 Bf6 21. Bd3 e6 22. Re2 b5 23. Ree1 Nxd4 24. cxd4 Bxd4+ 25. Kh2 Bxb2 26. Nb1 Rdc8 27. Re2 Bf6 28. Rc2 Rc6 29. Rff2 Rac8 30. Rce2 Bd4 31. Rf1 Rc1 32. Ree1 R1c5 33. f5 e5 34. f6 e4 35. Be2 R5c6 36. Nf5 Bxf5 37. Rxf5 Rxf6 38. Rxd5 Bf2 39. Bxg4 Re8 40. Re2 e3 41. Nc3 Rg6 42. Rd4 h5 43. Bxh5 Bxg3+ 44. Kh3 Rg7 45. Rg4 Rxg4 46. Bxg4 Bf4 47. Nd5 Bg5 48. Kg3 Re5 49. Bf3 f5 50. Nf4 Re7 51. Nd5 Re5 52. Kh3 Kf7 53. g3 Ke6 54. Nf4+ Kd6 55. Bxb7 Re7 56. Bf3 Kc5 57. Rc2+ Kd4 58. Ne2+ Kd3 59. Rc5 Rh7+ 60. Kg2 Ra7 61. Rxb5 Rxa3 62. Rd5+ Kc2 63. Rxf5 Bh6 64. g4 Kd2 65. Rd5+ Ke1 66. Nc3 e2 67. Nxe2 Ra2 68. Re5 Bf4 69. Re4 Bg5 70. Kg3 Kf1 71. Bg2+ 1-0

[Event "Bolivarian Games Rapid"]
[Site "Lima"]
[Date "2024.12.02"]
[Round "4.5"]
[White "Baules Rodriguez, Jorge Luis"]
[Black "Giron Chavez, David Emanuel"]
[Result "0-1"]
[WhiteElo "2264"]
[BlackElo "2051"]
[PlyCount "114"]
[EventDate "2024.12.02"]
[EventType "team (rapid)"]
[EventRounds "5"]
[EventCountry "PER"]
[SourceTitle "CB50_2024"]
[SourceDate "2024.11.01"]
[SourceVersion "1"]
[SourceVersionDate "2024.11.01"]
[SourceQuality "2"]
[WhiteTeam "Panama"]
[BlackTeam "Guatemala"]
[WhiteTeamCountry "PAN"]
[BlackTeamCountry "GUA"]

1. d4 Nf6 2. c4 e6 3. Nf3 Bb4+ 4. Bd2 Qe7 5. e3 0-0 6. Bd3 Nc6 7. 0-0 Bxd2 8. Qxd2 e5 9. dxe5 Nxe5 10. Nxe5 Qxe5 11. Nc3 Re8 12. Rae1 d6 13. f4 Qc5 14. Kh1 a6 15. a3 Bd7 16. e4 Re7 17. b4 Qh5 18. Kg1 Rae8 19. h3 Qh6 20. Qf2 Bc8 21. Re2 b6 22. Rfe1 Bb7 23. Re3 Nh5 24. g3 g6 25. Nd5 Bxd5 26. cxd5 Nf6 27. Kg2 b5 28. Qf3 Nd7 29. a4 bxa4 30. Bxa6 Qg7 31. R1e2 Qd4 32. Bb5 Qxb4 33. Bc6 Rb8 34. e5 Nc5 35. h4 Nb3 36. Rb2 Qa3 37. Rbe2 Qa1 38. exd6 Rxe3 39. Qxe3 cxd6 40. Qe7 Nd4 41. Qxd6 Nxe2 42. Qxb8+ Kg7 43. d6 Qg1+ 44. Kf3 Nd4+ 45. Ke4 Nxc6 46. Qb2+ Qd4+ 47. Qxd4+ Nxd4 48. Kxd4 Kf8 49. Kc4 Ke8 50. Kb4 Kd7 51. Kxa4 Kxd6 52. Kb4 Kd5 53. Kc3 Ke4 54. Kc4 Kf3 55. Kd4 Kxg3 56. Ke5 Kxh4 57. Kf6 Kg4 0-1

[Event "Olympiad-45"]
[Site "Budapest"]
[Date "2024.09.22"]
[Round "11.3"]
[White "Baules Rodriguez, Jorge Luis"]
[Black "Alshnaiber, Yazeed"]
[Result "1/2-1/2"]
[WhiteElo "2271"]
[BlackElo "1889"]
[PlyCount "111"]
[EventDate "2024.09.11"]
[EventType "team-swiss"]
[EventRounds "11"]
[EventCountry "HUN"]
[SourceTitle "EXT 2025"]
[Source "ChessBase"]
[SourceDate "2024.10.14"]
[SourceVersion "1"]
[SourceVersionDate "2024.10.14"]
[SourceQuality "1"]
[WhiteTeam "Panama"]
[BlackTeam "Saudi Arabia"]
[WhiteTeamCountry "PAN"]
[BlackTeamCountry "SAU"]

1. e4 e5 2. Nf3 Nc6 3. Bc4 Bc5 4. c3 Nf6 5. d3 0-0 6. b4 Be7 7. 0-0 d5 8. exd5 Nxd5 9. b5 Na5 10. Bxd5 Qxd5 11. c4 Qe6 12. Re1 f6 13. Nc3 b6 14. Nd5 Bd6 15. Bd2 Bb7 16. Bxa5 bxa5 17. Nd4 Qd7 18. Nc6 Bxc6 19. bxc6 Qxc6 20. Qg4 Rae8 21. Qf3 Qd7 22. Qe3 c6 23. Nc3 Bb4 24. Rec1 Rd8 25. a3 Bxc3 26. Rxc3 Qd4 27. Qxd4 Rxd4 28. Rb1 Rfd8 29. Kf1 R8d7 30. Rb8+ Kf7 31. Rc8 Rxd3 32. Rxd3 Rxd3 33. Rxc6 Rxa3 34. Rc7+ Kg6 35. Rxa7 Rc3 36. Rxa5 Rxc4 37. g3 h5 38. h4 Kf5 39. Kg2 g6 40. Ra6 Rb4 41. Rc6 Rb2 42. Rc5 Rd2 43. Ra5 Rd4 44. Rb5 g5 45. hxg5 fxg5 46. Rb8 e4 47. Rf8+ Kg4 48. Re8 Ra4 49. Re7 h4 50. gxh4 Kxh4 51. Re8 Kg4 52. Rxe4+ Rxe4 53. f3+ Kf4 54. fxe4 Kxe4 55. Kg3 Kf5 56. Kf3 1/2-1/2

[Event "Olympiad-45"]
[Site "Budapest"]
[Date "2024.09.21"]
[Round "10.3"]
[White "Chan, Wang Ip Boris"]
[Black "Baules Rodriguez, Jorge Luis"]
[Result "0-1"]
[WhiteElo "2016"]
[BlackElo "2271"]
[PlyCount "72"]
[EventDate "2024.09.11"]
[EventType "team-swiss"]
[EventRounds "11"]
[EventCountry "HUN"]
[SourceTitle "EXT 2025"]
[Source "ChessBase"]
[SourceDate "2024.10.14"]
[SourceVersion "1"]
[SourceVersionDate "2024.10.14"]
[SourceQuality "1"]
[WhiteTeam "Hong Kong"]
[BlackTeam "Panama"]
[WhiteTeamCountry "HKG"]
[BlackTeamCountry "PAN"]

1. e4 c5 2. Nf3 Nc6 3. d4 cxd4 4. Nxd4 Qb6 5. Nb3 Nf6 6. Nc3 e6 7. a3 Be7 8. Be2 0-0 9. Be3 Qc7 10. f4 d5 11. e5 Ne4 12. Nxe4 dxe4 13. 0-0 Rd8 14. Qb1 b6 15. c3 Bb7 16. Qc2 Bf8 17. Nd2 Nd4 18. Bxd4 Rxd4 19. Nb3 Rdd8 20. Rad1 Bc5+ 21. Kh1 Be3 22. Rxd8+ Rxd8 23. c4 g5 24. fxg5 Qxe5 25. Bh5 Rd7 26. Qe2 Qxg5 27. c5 Bd5 28. Qb5 Qxh5 29. Qxd7 Bf4 30. Qd8+ Kg7 31. h4 Qg4 32. Nd4 e3 33. Nxe6+ fxe6 34. Qe7+ Kh6 35. Qf6+ Kh5 36. Qf7+ Qg6 0-1

[Event "Olympiad-45"]
[Site "Budapest"]
[Date "2024.09.14"]
[Round "4.39"]
[White "Baules Rodriguez, Jorge Luis"]
[Black "Latorre Lopez Moreira, Luis Matias"]
[Result "1/2-1/2"]
[WhiteElo "2271"]
[BlackElo "2264"]
[PlyCount "79"]
[EventDate "2024.09.11"]
[EventType "team-swiss"]
[EventRounds "11"]
[EventCountry "HUN"]
[SourceTitle "EXT 2025"]
[Source "ChessBase"]
[SourceDate "2024.10.14"]
[SourceVersion "1"]
[SourceVersionDate "2024.10.14"]
[SourceQuality "1"]
[WhiteTeam "Panama"]
[BlackTeam "Paraguay"]
[WhiteTeamCountry "PAN"]
[BlackTeamCountry "PAR"]

1. e4 e6 2. d4 d5 3. exd5 exd5 4. Nf3 Nf6 5. Bd3 Be7 6. Bf4 0-0 7. 0-0 Bg4 8. Nbd2 Bd6 9. Bxd6 Qxd6 10. c3 Nbd7 11. Qc2 Bxf3 12. Nxf3 Rfe8 13. Rae1 c6 14. g3 g6 15. a4 Rxe1 16. Rxe1 Re8 17. a5 Rxe1+ 18. Nxe1 Qe7 19. Nf3 Ne8 20. h4 Nef6 21. Qd2 Qd6 22. Qg5 Kg7 23. Ne5 Qe6 24. Nf3 Qd6 25. Kg2 b6 26. axb6 axb6 27. Ne5 Qe6 28. Nf3 Qd6 29. Qe3 Qe6 30. Qf4 b5 31. Ng5 Qe8 32. Qc7 h6 33. Nf3 Qe6 34. Kg1 Ne8 35. Qf4 Nef6 36. Kg2 Qe7 37. Qc7 Qe6 38. Qf4 Qe7 39. Qc7 Qe6 40. Qf4 1/2-1/2

[Event "Olympiad-45"]
[Site "Budapest"]
[Date "2024.09.12"]
[Round "2.46"]
[White "Lima, Osvaldo Dos Santos"]
[Black "Baules Rodriguez, Jorge Luis"]
[Result "0-1"]
[WhiteElo "1903"]
[BlackElo "2271"]
[PlyCount "72"]
[EventDate "2024.09.11"]
[EventType "team-swiss"]
[EventRounds "11"]
[EventCountry "HUN"]
[SourceTitle "EXT 2025"]
[Source "ChessBase"]
[SourceDate "2024.10.14"]
[SourceVersion "1"]
[SourceVersionDate "2024.10.14"]
[SourceQuality "1"]
[WhiteTeam "Sao Tome and Principe"]
[BlackTeam "Panama"]
[WhiteTeamCountry "SAO"]
[BlackTeamCountry "PAN"]

1. c4 g6 2. Nc3 Nf6 3. e4 e5 4. Nf3 Bg7 5. d3 0-0 6. h3 c6 7. Bg5 h6 8. Bh4 Qb6 9. Qc2 Nh5 10. Be7 Re8 11. c5 Qa5 12. Bd6 Na6 13. Qa4 Qd8 14. 0-0-0 b6 15. b4 Bb7 16. g3 Nc7 17. Be2 a5 18. cxb6 Nb5 19. Nxb5 cxb5 20. Qxb5 Bc6 21. Qc5 axb4 22. Rd2 b3 23. a3 Qf6 24. Kb2 Re6 25. Bxe5 Rxe5 26. Nxe5 Qg5 27. f4 Nxf4 28. gxf4 Qxf4 29. Qc3 Bxe5 30. d4 Bd6 31. Rf1 Bxa3+ 32. Kxb3 Qxe4 33. Qc4 Bd5 34. Kc3 Bxc4 35. Bxc4 Rc8 36. Rd3 d5 0-1

[Event "Titled Tuesday intern op 16th Apr Early"]
[Site "Chess.com INT"]
[Date "2024.04.16"]
[Round "5"]
[White "Baules Rodriguez, Jorge Luis"]
[Black "Avalos Parra, Joao"]
[Result "1-0"]
[WhiteElo "2283"]
[BlackElo "2148"]
[PlyCount "57"]
[EventDate "2024.04.16"]
[EventType "swiss (blitz)"]
[EventRounds "11"]
[EventCountry "USA"]
[SourceTitle "CBM 219 Extra"]
[Source "ChessBase"]
[SourceDate "2024.05.31"]
[SourceVersion "1"]
[SourceVersionDate "2024.05.31"]
[SourceQuality "1"]

1. e4 e5 2. Nf3 Nc6 3. Bb5 a6 4. Ba4 Nf6 5. 0-0 d6 6. d4 b5 7. dxe5 dxe5 8. Bb3 Qxd1 9. Rxd1 Bb7 10. Nc3 Bd6 11. Bg5 Nd7 12. a4 b4 13. Nd5 Nc5 14. Nb6 Nxb3 15. cxb3 Rb8 16. Rac1 f6 17. Be3 Na5 18. Nc4 Nxc4 19. Rxc4 a5 20. Bc5 Bxc5 21. Rxc5 Bxe4 22. Nxe5 0-0 23. Nc4 Bc2 24. Ra1 Bxb3 25. Nxa5 Be6 26. Rxc7 Rfd8 27. Nc6 Rbc8 28. Rxc8 Rxc8 29. Ne7+ 1-0

[Event "Titled Tuesday intern op 16th Apr Early"]
[Site "Chess.com INT"]
[Date "2024.04.16"]
[Round "10"]
[White "Baules Rodriguez, Jorge Luis"]
[Black "Bartel, Mateusz"]
[Result "0-1"]
[WhiteElo "2283"]
[BlackElo "2647"]
[PlyCount "42"]
[EventDate "2024.04.16"]
[EventType "swiss (blitz)"]
[EventRounds "11"]
[EventCountry "USA"]
[SourceTitle "CBM 219 Extra"]
[Source "ChessBase"]
[SourceDate "2024.05.31"]
[SourceVersion "1"]
[SourceVersionDate "2024.05.31"]
[SourceQuality "1"]

1. e4 c5 2. Nf3 Nc6 3. d4 cxd4 4. Nxd4 Nf6 5. Nc3 d6 6. Bg5 Qb6 7. Nb3 e6 8. Qd2 Be7 9. 0-0-0 0-0 10. Kb1 Rd8 11. Bd3 Bd7 12. f4 Be8 13. Rde1 h6 14. h4 d5 15. e5 Ne4 16. Bxe4 dxe4 17. Qe2 e3 18. Bxe7 Nxe7 19. g4 Nd5 20. Nxd5 Rxd5 21. Qxe3 Rd1+ 0-1

[Event "Titled Tuesday intern op 16th Apr Early"]
[Site "Chess.com INT"]
[Date "2024.04.16"]
[Round "6"]
[White "Baules Rodriguez, Jorge Luis"]
[Black "Riehle, Marco"]
[Result "0-1"]
[WhiteElo "2283"]
[BlackElo "2370"]
[PlyCount "136"]
[EventDate "2024.04.16"]
[EventType "swiss (blitz)"]
[EventRounds "11"]
[EventCountry "USA"]
[SourceTitle "CBM 219 Extra"]
[Source "ChessBase"]
[SourceDate "2024.05.31"]
[SourceVersion "1"]
[SourceVersionDate "2024.05.31"]
[SourceQuality "1"]

1. e4 e5 2. Nf3 Nf6 3. Nxe5 Nxe4 4. Qe2 Qe7 5. Qxe4 d6 6. d4 dxe5 7. dxe5 Nc6 8. Bf4 g5 9. Bg3 f5 10. Qd5 f4 11. Bb5 Bd7 12. 0-0 0-0-0 13. Re1 Nxe5 14. Nc3 Bg7 15. Ba6 Bc6 16. Rxe5 Bxe5 17. Qxc6 bxa6 18. Qxa6+ Kd7 19. Re1 Qd6 20. Qb5+ c6 21. Qxe5 Qxe5 22. Rxe5 fxg3 23. Rxg5 gxf2+ 24. Kxf2 Rhg8 25. Rh5 Rg7 26. Ne4 Kc7 27. g3 Re8 28. Rh4 Rge7 29. Kf3 Rf8+ 30. Ke3 a5 31. Kd3 Rd8+ 32. Kc3 Rd1 33. Rf4 Re1 34. Kd3 Rh1 35. h4 Kb6 36. Nc3 Rg1 37. Rg4 Rd7+ 38. Kc4 Rg2 39. Kb3 Ka6 40. Na4 Rb7+ 41. Kc3 Rb4 42. Nc5+ Kb5 43. Ne4 Rc4+ 44. Kd3 Rcxc2 45. Nd6+ Kb6 46. Nc4+ Ka6 47. Ne3 Rgd2+ 48. Ke4 Rxb2 49. Nc4 Rb4 50. Ke3 Rxa2 51. Kd3 Ra3+ 52. Kc2 Rxg3 53. Rxg3 Rxc4+ 54. Kb3 Rxh4 55. Rg7 Kb6 56. Re7 h5 57. Rh7 a4+ 58. Ka3 Kb5 59. Rb7+ Kc5 60. Rg7 Rh1 61. Rg5+ Kd6 62. Kxa4 h4 63. Rh5 h3 64. Kb3 h2 65. Kb2 c5 66. Rh8 c4 67. Rh3 c3+ 68. Ka2 c2 0-1

[Event "Titled Tuesday intern op 02nd Apr Early"]
[Site "Chess.com INT"]
[Date "2024.04.02"]
[Round "5"]
[White "Baules Rodriguez, Jorge Luis"]
[Black "Bharath, Subramaniyam H"]
[Result "0-1"]
[WhiteElo "2283"]
[BlackElo "2544"]
[PlyCount "122"]
[EventDate "2024.04.02"]
[EventType "swiss (blitz)"]
[EventRounds "11"]
[EventCountry "USA"]
[SourceTitle "CBM 219 Extra"]
[Source "ChessBase"]
[SourceDate "2024.05.31"]
[SourceVersion "1"]
[SourceVersionDate "2024.05.31"]
[SourceQuality "1"]

1. e4 e5 2. Nf3 Nc6 3. Bb5 a6 4. Ba4 Nf6 5. 0-0 d6 6. Re1 Bd7 7. c3 g6 8. d4 Bg7 9. Nbd2 0-0 10. Nf1 exd4 11. cxd4 b5 12. Bb3 Bg4 13. Be3 Na5 14. Bc2 Nc4 15. Bc1 Nd7 16. b3 Bxf3 17. gxf3 Ncb6 18. Ng3 c5 19. Be3 Rc8 20. Rc1 Qh4 21. dxc5 dxc5 22. f4 Nf6 23. Qf3 Ng4 24. Qg2 Nxe3 25. fxe3 c4 26. e5 Qe7 27. Ne4 Rcd8 28. Rcd1 Nd5 29. bxc4 bxc4 30. Nd6 Nc3 31. Rd4 Nb5 32. Rxc4 Nxd6 33. exd6 Rxd6 34. Qe4 Qh4 35. Re2 Rfd8 36. Qf3 Qf6 37. Kg2 Qa1 38. Bb3 a5 39. Rc7 Rf8 40. Qe4 Qf6 41. Rec2 Qh4 42. Qf3 g5 43. R7c4 gxf4 44. Rxf4 Rg6+ 45. Kf1 Qe7 46. Rc6 Rxc6 47. Qxc6 Qxe3 48. Qf3 Qe7 49. Re4 Qg5 50. Rf4 Kh8 51. Rg4 Qc1+ 52. Kg2 f5 53. Rf4 Qb2+ 54. Kf1 Qa1+ 55. Kg2 Qe5 56. Bc2 Qb2 57. Qf2 Rg8 58. Kf1 Qc1+ 59. Kg2 Bd4+ 60. Kh3 Bxf2 61. Rxf5 Qe3+ 0-1

[Event "Titled Tuesday intern op 02nd Apr Early"]
[Site "Chess.com INT"]
[Date "2024.04.02"]
[Round "7"]
[White "Baules Rodriguez, Jorge Luis"]
[Black "Bryakin, Mikhail"]
[Result "1-0"]
[WhiteElo "2283"]
[BlackElo "2467"]
[PlyCount "124"]
[EventDate "2024.04.02"]
[EventType "swiss (blitz)"]
[EventRounds "11"]
[EventCountry "USA"]
[SourceTitle "CBM 219 Extra"]
[Source "ChessBase"]
[SourceDate "2024.05.31"]
[SourceVersion "1"]
[SourceVersionDate "2024.05.31"]
[SourceQuality "1"]

1. e4 g6 2. d4 Bg7 3. Nc3 d6 4. Be3 Nd7 5. f4 c5 6. Nf3 a6 7. Bd3 Ngf6 8. h3 0-0 9. e5 Nh5 10. g4 cxd4 11. Nxd4 dxe5 12. fxe5 Ng3 13. Rg1 Bxe5 14. Qf3 Nc5 15. 0-0-0 Bxd4 16. Bxd4 Qxd4 17. Bxg6 Qf6 18. Bf5 Nxf5 19. gxf5+ Kh8 20. Nd5 Qh6+ 21. Kb1 Nd7 22. Nxe7 Nf6 23. Qc3 Be6 24. fxe6 fxe6 25. Rdf1 Rf7 26. Ng6+ hxg6 27. Rxf6 Rxf6 28. Qxf6+ Kh7 29. Qxe6 Rg8 30. a3 Rg7 31. Rf1 g5 32. Qxh6+ Kxh6 33. Rg1 Kh5 34. Rg4 Re7 35. Rb4 b5 36. a4 Re5 37. axb5 Rxb5 38. Rxb5 axb5 39. b3 Kh4 40. c4 Kxh3 41. c5 g4 42. c6 g3 43. c7 g2 44. c8Q+ Kg3 45. Qc3+ Kf2 46. Qc5+ Kf3 47. Qxb5 g1Q+ 48. Kb2 Qf2+ 49. Ka3 Qa7+ 50. Qa4 Qc5+ 51. Qb4 Qa7+ 52. Kb2 Ke2 53. Qc4+ Kd2 54. b4 Qg7+ 55. Kb3 Qg3+ 56. Ka4 Qb8 57. b5 Qb6 58. Qd5+ Ke3 59. Qc6 Qa7+ 60. Kb4 Kd4 61. Qc4+ Ke3 62. Qc5+ Kd3 1-0

[Event "Titled Tuesday intern op 02nd Apr Early"]
[Site "Chess.com INT"]
[Date "2024.04.02"]
[Round "3"]
[White "Baules Rodriguez, Jorge Luis"]
[Black "Emeliantsev, Anatoliy"]
[Result "1-0"]
[WhiteElo "2283"]
[BlackElo "2359"]
[PlyCount "75"]
[EventDate "2024.04.02"]
[EventType "swiss (blitz)"]
[EventRounds "11"]
[EventCountry "USA"]
[SourceTitle "CBM 219 Extra"]
[Source "ChessBase"]
[SourceDate "2024.05.31"]
[SourceVersion "1"]
[SourceVersionDate "2024.05.31"]
[SourceQuality "1"]

1. e4 c5 2. Nf3 Nc6 3. d4 cxd4 4. Nxd4 Nf6 5. Nc3 e5 6. Ndb5 d6 7. Bg5 a6 8. Na3 b5 9. Bxf6 gxf6 10. Nd5 Bg7 11. Bd3 Ne7 12. Nxe7 Qxe7 13. c4 f5 14. 0-0 0-0 15. exf5 e4 16. Re1 Bxf5 17. Rb1 Be5 18. Bf1 e3 19. Rxe3 Bxb1 20. Qxb1 Kh8 21. cxb5 axb5 22. Nxb5 Rg8 23. g3 Rac8 24. Qf5 Rc1 25. Nxd6 Qxd6 26. Qxe5+ Qxe5 27. Rxe5 Rd8 28. Kg2 Rd2 29. b3 Rcc2 30. Rf5 Kg7 31. Bc4 f6 32. a4 Kg6 33. Rf3 h5 34. Bd3+ Kg5 35. Bxc2 Rxc2 36. h4+ Kg6 37. b4 Rc4 38. Rb3 1-0